Quick Pick: Days of the Week in Maori Quiz Stats

 Plays Quiz Updated Mar 29, 2018

Score 0/7 Timer 01:00
0 Plays Today
% Correct
Monday
91.1%
Wednesday
90.5%
Tuesday
85.3%
Thursday
77.7%
Saturday
61%
Friday
57.5%
Sunday
53.1%

Today's Daily Dose

Missing Word
US Newspapers

Word Ladder
Shawn Mendes

On This Day
October 18th II

You're not logged in!

Compare scores with friends on all Sporcle quizzes.
Join for Free
OR
Log In

You Might Also Like...

Show Comments

Extras

Top Quizzes Today


Score Distribution

Your Account Isn't Verified!

In order to create a playlist on Sporcle, you need to verify the email address you used during registration. Go to your Sporcle Settings to finish the process.

Report this User

Report this user for behavior that violates our Community Guidelines.

Details: